000 00413nam a2200157Ia 4500
008 240729s9999 xx 000 0 und d
022 _a2349-5847
245 0 _aPigment International
260 _aIndia
260 _bWolters Kluwer Medknow Publications
650 _a Dermatology
650 _aMedicine
856 _uhttps://doaj.org/toc/ee4dc6b02fd1459b9d8e2453f7de11f3
942 _2ddc
942 _cDOAJEJ
999 _c70308
_d70308
945 _a1
_bMadushi Gamage
_c1
_dMadushi Gamage